<?xml version="1.0" encoding="UTF-8"?>
<record
    xmlns:xsi="http://www.w3.org/2001/XMLSchema-instance"
    xsi:schemaLocation="http://www.loc.gov/MARC21/slim http://www.loc.gov/standards/marcxml/schema/MARC21slim.xsd"
    xmlns="http://www.loc.gov/MARC21/slim">

  <leader>03437nam a22004097a 4500</leader>
  <controlfield tag="005">20090102122541.0</controlfield>
  <datafield tag="010" ind1=" " ind2=" ">
    <subfield code="a"> B-349515-519       B-444235-239</subfield>
  </datafield>
  <datafield tag="020" ind1=" " ind2=" ">
    <subfield code="c">25.00</subfield>
    <subfield code="a">9788182639102</subfield>
  </datafield>
  <datafield tag="035" ind1=" " ind2=" ">
    <subfield code="a"> B-349515-519</subfield>
  </datafield>
  <datafield tag="035" ind1=" " ind2=" ">
    <subfield code="a">B-444235-239</subfield>
  </datafield>
  <datafield tag="037" ind1=" " ind2=" ">
    <subfield code="b">&#x92A;&#x94D;&#x930;&#x925;&#x92E; &#x92C;&#x941;&#x915;&#x94D;&#x938;</subfield>
  </datafield>
  <datafield tag="037" ind1=" " ind2=" ">
    <subfield code="b">&#x92C;&#x932;&#x94D;&#x92F;&#x942;&#x92C;&#x948;&#x930;&#x940; </subfield>
  </datafield>
  <datafield tag="082" ind1=" " ind2=" ">
    <subfield code="a"> 510</subfield>
  </datafield>
  <datafield tag="100" ind1=" " ind2=" ">
    <subfield code="a">&#x92E;&#x93E;&#x932;&#x93E; &#x915;&#x941;&#x92E;&#x93E;&#x930;</subfield>
    <subfield code="9">37990</subfield>
  </datafield>
  <datafield tag="245" ind1=" " ind2=" ">
    <subfield code="a">&#x938;&#x940;&#x916;&#x947;&#x902; &#x917;&#x923;&#x93F;&#x924; &#x916;&#x941;&#x936;&#x940;-&#x916;&#x941;&#x936;&#x940;&#x903;1; &#x938;&#x902;&#x916;&#x94D;&#x92F;&#x93E;&#x90F;&#x901; /</subfield>
    <subfield code="c">&#x92E;&#x93E;&#x932;&#x93E; &#x915;&#x941;&#x92E;&#x93E;&#x930; ; &#x92E;&#x927;&#x941;&#x92C;&#x93E;&#x932;&#x93E; &#x91C;&#x94B;&#x936;&#x940; &#x926;&#x94D;&#x935;&#x93E;&#x930;&#x93E; &#x905;&#x928;&#x941;&#x926;&#x93F;&#x924;</subfield>
  </datafield>
  <datafield tag="246" ind1=" " ind2=" ">
    <subfield code="a"> </subfield>
    <subfield code="b"> </subfield>
  </datafield>
  <datafield tag="260" ind1=" " ind2=" ">
    <subfield code="a">&#x928;&#x908;  &#x926;&#x93F;&#x932;&#x94D;&#x932;&#x940; </subfield>
    <subfield code="b">&#x92A;&#x94D;&#x930;&#x925;&#x92E; &#x92C;&#x941;&#x915;&#x94D;&#x938;</subfield>
    <subfield code="c">2008</subfield>
  </datafield>
  <datafield tag="270" ind1=" " ind2=" ">
    <subfield code="a">&#x92C;&#x940;-3/4, &#x92A;&#x94D;&#x930;&#x925;&#x92E; &#x924;&#x932;, &#x938;&#x92B;&#x926;&#x930;&#x91C;&#x93C;&#x902;&#x917; &#x90F;&#x928;&#x94D;&#x915;&#x94D;&#x932;&#x947;&#x935;</subfield>
    <subfield code="b">&#x928;&#x908; &#x926;&#x93F;&#x932;&#x94D;&#x932;&#x940;</subfield>
    <subfield code="e">110 029</subfield>
    <subfield code="k">011-65684113</subfield>
    <subfield code="l"> </subfield>
    <subfield code="m">www.prathambooks.org</subfield>
  </datafield>
  <datafield tag="300" ind1=" " ind2=" ">
    <subfield code="a">28.&#x92A;&#x943;.;</subfield>
    <subfield code="c">23.5&#x938;&#x947;&#x92E;&#x940; (&#x905;&#x91C;&#x93F;&#x932;&#x94D;&#x926;)</subfield>
    <subfield code="b">&#x938;&#x91A;&#x93F;&#x924;&#x94D;&#x930; </subfield>
  </datafield>
  <datafield tag="490" ind1=" " ind2=" ">
    <subfield code="a"> </subfield>
    <subfield code="9">37991</subfield>
  </datafield>
  <datafield tag="500" ind1=" " ind2=" ">
    <subfield code="a"> </subfield>
  </datafield>
  <datafield tag="700" ind1=" " ind2=" ">
    <subfield code="a"> </subfield>
    <subfield code="9">35389</subfield>
  </datafield>
  <datafield tag="710" ind1=" " ind2=" ">
    <subfield code="a">&#x91C;&#x94B;&#x936;&#x940;, &#x92E;&#x927;&#x941;&#x92C;&#x93E;&#x932;&#x93E;</subfield>
    <subfield code="9">35390</subfield>
  </datafield>
  <datafield tag="942" ind1=" " ind2=" ">
    <subfield code="2">ddc</subfield>
    <subfield code="c">CH</subfield>
    <subfield code="m">&#x92E;&#x93E;&#x932;&#x93E;&#x915;&#x941;</subfield>
    <subfield code="h">510</subfield>
  </datafield>
  <datafield tag="999" ind1=" " ind2=" ">
    <subfield code="c">21796</subfield>
    <subfield code="d">21796</subfield>
  </datafield>
  <datafield tag="952" ind1=" " ind2=" ">
    <subfield code="0">0</subfield>
    <subfield code="1">0</subfield>
    <subfield code="2">ddc</subfield>
    <subfield code="4">0</subfield>
    <subfield code="7">0</subfield>
    <subfield code="8">NFIC</subfield>
    <subfield code="a">L</subfield>
    <subfield code="b">L</subfield>
    <subfield code="d">2010-01-05</subfield>
    <subfield code="e">080/6.7.09/8/23.4.09/29.7.09 </subfield>
    <subfield code="g">25.00</subfield>
    <subfield code="l">0</subfield>
    <subfield code="o">510 &#x92E;&#x93E;&#x932;&#x93E;&#x915;&#x941;</subfield>
    <subfield code="p">B-349515</subfield>
    <subfield code="r">2010-01-05 00:00:00</subfield>
    <subfield code="t">1</subfield>
    <subfield code="v">25.00</subfield>
    <subfield code="w">2010-01-05</subfield>
    <subfield code="y">CH</subfield>
  </datafield>
  <datafield tag="952" ind1=" " ind2=" ">
    <subfield code="0">0</subfield>
    <subfield code="1">0</subfield>
    <subfield code="2">ddc</subfield>
    <subfield code="4">0</subfield>
    <subfield code="7">0</subfield>
    <subfield code="8">NFIC</subfield>
    <subfield code="a">BL1</subfield>
    <subfield code="b">BL1</subfield>
    <subfield code="d">2010-01-05</subfield>
    <subfield code="e">080/6.7.09/8/23.4.09/29.7.09 </subfield>
    <subfield code="g">25.00</subfield>
    <subfield code="l">0</subfield>
    <subfield code="o">510 &#x92E;&#x93E;&#x932;&#x93E;&#x915;&#x941;</subfield>
    <subfield code="p">B-349516</subfield>
    <subfield code="r">2010-01-05 00:00:00</subfield>
    <subfield code="t">1</subfield>
    <subfield code="v">25.00</subfield>
    <subfield code="w">2010-01-05</subfield>
    <subfield code="y">CH</subfield>
  </datafield>
  <datafield tag="952" ind1=" " ind2=" ">
    <subfield code="0">0</subfield>
    <subfield code="1">0</subfield>
    <subfield code="2">ddc</subfield>
    <subfield code="4">0</subfield>
    <subfield code="7">0</subfield>
    <subfield code="8">NFIC</subfield>
    <subfield code="a">ZLS</subfield>
    <subfield code="b">ZLS</subfield>
    <subfield code="d">2010-01-05</subfield>
    <subfield code="e">080/6.7.09/8/23.4.09/29.7.09 </subfield>
    <subfield code="g">25.00</subfield>
    <subfield code="l">0</subfield>
    <subfield code="o">510 &#x92E;&#x93E;&#x932;&#x93E;&#x915;&#x941;</subfield>
    <subfield code="p">B-349517</subfield>
    <subfield code="r">2010-01-05 00:00:00</subfield>
    <subfield code="t">1</subfield>
    <subfield code="v">25.00</subfield>
    <subfield code="w">2010-01-05</subfield>
    <subfield code="y">CH</subfield>
  </datafield>
  <datafield tag="952" ind1=" " ind2=" ">
    <subfield code="0">0</subfield>
    <subfield code="1">5</subfield>
    <subfield code="4">0</subfield>
    <subfield code="7">0</subfield>
    <subfield code="8">NFIC</subfield>
    <subfield code="a">BL3</subfield>
    <subfield code="b">BL3</subfield>
    <subfield code="d">2010-01-05</subfield>
    <subfield code="e">080/6.7.09/8/23.4.09/29.7.09 </subfield>
    <subfield code="g">25.00</subfield>
    <subfield code="l">0</subfield>
    <subfield code="o">510 &#x92E;&#x93E;&#x932;&#x93E;&#x915;&#x941;</subfield>
    <subfield code="p">B-349518</subfield>
    <subfield code="r">2010-01-05 00:00:00</subfield>
    <subfield code="t">1</subfield>
    <subfield code="v">25.00</subfield>
    <subfield code="y">CH</subfield>
  </datafield>
  <datafield tag="952" ind1=" " ind2=" ">
    <subfield code="0">0</subfield>
    <subfield code="1">5</subfield>
    <subfield code="4">0</subfield>
    <subfield code="7">0</subfield>
    <subfield code="8">NFIC</subfield>
    <subfield code="a">BL4</subfield>
    <subfield code="b">BL4</subfield>
    <subfield code="d">2010-01-05</subfield>
    <subfield code="e">080/6.7.09/8/23.4.09/29.7.09 </subfield>
    <subfield code="g">25.00</subfield>
    <subfield code="l">0</subfield>
    <subfield code="o">510 &#x92E;&#x93E;&#x932;&#x93E;&#x915;&#x941;</subfield>
    <subfield code="p">B-349519</subfield>
    <subfield code="r">2010-01-05 00:00:00</subfield>
    <subfield code="t">1</subfield>
    <subfield code="v">25.00</subfield>
    <subfield code="y">CH</subfield>
  </datafield>
  <datafield tag="952" ind1=" " ind2=" ">
    <subfield code="0">0</subfield>
    <subfield code="1">0</subfield>
    <subfield code="4">0</subfield>
    <subfield code="7">0</subfield>
    <subfield code="8">NFIC</subfield>
    <subfield code="a">L</subfield>
    <subfield code="b">L</subfield>
    <subfield code="d">2012-01-03</subfield>
    <subfield code="e">&#x92C;&#x932;&#x94D;&#x92F;&#x942;&#x92C;&#x948;&#x930;&#x940;/7040/29.9.11/83/21.3.11/10.10.11</subfield>
    <subfield code="g">25.00</subfield>
    <subfield code="l">0</subfield>
    <subfield code="o">510 &#x92E;&#x93E;&#x932;&#x93E;&#x915;&#x941;</subfield>
    <subfield code="p">B-444235</subfield>
    <subfield code="r">2012-01-03 00:00:00</subfield>
    <subfield code="t">1</subfield>
    <subfield code="v">25.00</subfield>
    <subfield code="w">2012-01-03</subfield>
    <subfield code="y">CH</subfield>
  </datafield>
  <datafield tag="952" ind1=" " ind2=" ">
    <subfield code="0">0</subfield>
    <subfield code="1">0</subfield>
    <subfield code="4">0</subfield>
    <subfield code="7">0</subfield>
    <subfield code="8">NFIC</subfield>
    <subfield code="a">BL1</subfield>
    <subfield code="b">BL1</subfield>
    <subfield code="d">2012-01-03</subfield>
    <subfield code="e">&#x92C;&#x932;&#x94D;&#x92F;&#x942;&#x92C;&#x948;&#x930;&#x940;/7040/29.9.11/83/21.3.11/10.10.11</subfield>
    <subfield code="g">25.00</subfield>
    <subfield code="l">1</subfield>
    <subfield code="o">510 &#x92E;&#x93E;&#x932;&#x93E;&#x915;&#x941;</subfield>
    <subfield code="p">B-444236</subfield>
    <subfield code="r">2023-05-29 00:00:00</subfield>
    <subfield code="s">2023-05-18</subfield>
    <subfield code="t">1</subfield>
    <subfield code="v">25.00</subfield>
    <subfield code="w">2012-01-03</subfield>
    <subfield code="y">CH</subfield>
  </datafield>
  <datafield tag="952" ind1=" " ind2=" ">
    <subfield code="0">0</subfield>
    <subfield code="1">0</subfield>
    <subfield code="4">0</subfield>
    <subfield code="7">0</subfield>
    <subfield code="8">NFIC</subfield>
    <subfield code="a">ZLS</subfield>
    <subfield code="b">ZLS</subfield>
    <subfield code="d">2012-01-03</subfield>
    <subfield code="e">&#x92C;&#x932;&#x94D;&#x92F;&#x942;&#x92C;&#x948;&#x930;&#x940;/7040/29.9.11/83/21.3.11/10.10.11</subfield>
    <subfield code="g">25.00</subfield>
    <subfield code="l">0</subfield>
    <subfield code="o">510 &#x92E;&#x93E;&#x932;&#x93E;&#x915;&#x941;</subfield>
    <subfield code="p">B-444237</subfield>
    <subfield code="r">2012-01-03 00:00:00</subfield>
    <subfield code="t">1</subfield>
    <subfield code="v">25.00</subfield>
    <subfield code="w">2012-01-03</subfield>
    <subfield code="y">CH</subfield>
  </datafield>
  <datafield tag="952" ind1=" " ind2=" ">
    <subfield code="0">0</subfield>
    <subfield code="1">0</subfield>
    <subfield code="4">0</subfield>
    <subfield code="7">0</subfield>
    <subfield code="8">NFIC</subfield>
    <subfield code="a">BN</subfield>
    <subfield code="b">BN</subfield>
    <subfield code="d">2012-01-03</subfield>
    <subfield code="e">&#x92C;&#x932;&#x94D;&#x92F;&#x942;&#x92C;&#x948;&#x930;&#x940;/7040/29.9.11/83/21.3.11/10.10.11</subfield>
    <subfield code="g">25.00</subfield>
    <subfield code="l">3</subfield>
    <subfield code="m">0</subfield>
    <subfield code="o">510 &#x92E;&#x93E;&#x932;&#x93E;&#x915;&#x941;</subfield>
    <subfield code="p">B-444238</subfield>
    <subfield code="r">2023-12-20 00:00:00</subfield>
    <subfield code="s">2023-12-12</subfield>
    <subfield code="t">1</subfield>
    <subfield code="v">25.00</subfield>
    <subfield code="y">CH</subfield>
  </datafield>
  <datafield tag="952" ind1=" " ind2=" ">
    <subfield code="0">0</subfield>
    <subfield code="1">3</subfield>
    <subfield code="4">0</subfield>
    <subfield code="7">0</subfield>
    <subfield code="8">NFIC</subfield>
    <subfield code="a">BL4</subfield>
    <subfield code="b">BL4</subfield>
    <subfield code="d">2012-01-03</subfield>
    <subfield code="e">&#x92C;&#x932;&#x94D;&#x92F;&#x942;&#x92C;&#x948;&#x930;&#x940;/7040/29.9.11/83/21.3.11/10.10.11</subfield>
    <subfield code="g">25.00</subfield>
    <subfield code="l">0</subfield>
    <subfield code="o">510 &#x92E;&#x93E;&#x932;&#x93E;&#x915;&#x941;</subfield>
    <subfield code="p">B-444239</subfield>
    <subfield code="r">2012-01-03 00:00:00</subfield>
    <subfield code="t">1</subfield>
    <subfield code="v">25.00</subfield>
    <subfield code="y">CH</subfield>
    <subfield code="z">R.No.004/90</subfield>
  </datafield>
</record>
